000 00297nam a22001337a 4500
008 171101b xxu||||| |||| 00| 0 eng d
020 _a9780333971222
041 _aeng
080 _a33
100 _a59
101 _aGLO
245 _aDEMOCATIZING GLOBAL GOVERNANCE
_cESREF.A
942 _2udc
_cBK
999 _c37093
_d37093